000
00308nam a2200109Ia 4500
008
231129s9999||||xx |||||||||||||| ||spa||
020
_a
968-24-1103-3
082
_a
664.8 T147t
245
0
_a
Taller de frutas y hortalizas
264
_a
México : Trillas
942
_2
ddc
_c
BKS
999
_c
24975
_d
24975